Le Corbeau et le…? - Complétez ces titres de fables de La Fontaine - Statistiques

Statistiques générales
  • Ce quiz a été pris 78 fois
  • Le résultat moyen est 9 sur 25
Statistiques - réponses
Début du titre… …fin du titre % Correct
La Cigale et la… Fourmi
100%
Le Corbeau et le… Renard
100%
Le Lièvre et la… Tortue
98%
Le Rat des villes et le Rat des… Champs
91%
Le Loup et l’… Agneau
89%
La Grenouille qui se veut faire aussi grosse que le… Boeuf
79%
Le Lion et le… Rat
73%
Le Chêne et le… Roseau
55%
La Laitière et le… Pot au lait
41%
Le Renard et la… Cigogne
35%
Le Coche et la… Mouche
24%
Le Laboureur et… Ses enfants
20%
Le Loup devenu… Berger
18%
Le loup et le… Chien
12%
Le … , son fils et l’âne Meunier
12%
La Mort et le… Bucheron
9%
L’Enfant et le… Maître d’école
8%
Le Renard et les… Raisins
8%
Le Petit Poisson et le… Pêcheur
6%
Les voleurs et l’… Âne
5%
Les deux… Mulets
5%
Le Chat, la Belette et le… Petit Lapin
5%
L’Hirondelle et les… Petits Oiseaux
3%
Les Frelons et les… Mouches à miel
2%
Le Coq et la… Perle
2%
Aucun quiz correspondant
Distribution des résultats
% des personnes avec chaque résultat
Percentile par nombre de réponses
Votre historique - résultats
Vous n’avez pas pris ce quiz